| 000 | 00584 a2200181 4500 | ||
|---|---|---|---|
| 003 | OSt | ||
| 005 | 20240130124923.0 | ||
| 008 | 240130b |||||||| |||| 00| 0 eng d | ||
| 020 | _a8182712785 | ||
| 040 | _coclc | ||
| 082 |
_a909.09821 _bPER/S |
||
| 100 |
_aPereira, Winin _91936 |
||
| 245 |
_aSamrajyatwa Bheekaratha: Charithram Varthamanam= Global Parasites / _cWinin Pereira and Jeremy Seabrook |
||
| 250 | _a2nd ed. | ||
| 260 |
_aKozhikode: _bIslamic Publishing House, _c2007. |
||
| 300 | _a192p. | ||
| 942 |
_2ddc _cBK _h909.09821 _iPER/S _k909.09821 _mPER/S |
||
| 999 |
_c43375 _d43375 |
||